000 00667nam a2200217Ia 4500
003 GCL
008 140319s9999 xx 000 0 ara d
040 _aGCL /
_cGCL
082 0 4 _a212.5
_bس م
100 1 _aسيد صديق عبدالفتاح
245 1 0 _aموسوعات الام فى الدين والادب والتاريخ /
_cسيد صديق عبدالفتاح
260 _a[S.N] :
_bالدار المصرية اللبنانية ،
_c1994
300 _a390
490 _a
650 0 4 _aالاسلام
650 0 4 _aالحديث
650 0 4 _aالاخلاق الاسلامية
650 0 4 _aالوالدين
650 0 4 _aالام
942 _2ddc
_cBK
999 _c30163
_d30163